Famous Steve's by Picture - Statistics

General Stats
  • This quiz has been taken 109 times
  • The average score is 5 of 8
Answer Stats
Picture Answer % Correct
Steve Jobs
92%
Steve Irwin
86%
Stevie Wonder
76%
Steve Martin
75%
Steve Buscemi
65%
Stephen King
62%
Stephen Curry
48%
Steve
41%
No matching quizzes found
Score Distribution
Percent of People with Each Score
Percentile by Number Answered
Your Score History
You have not taken this quiz